header

Particle astrophysics (Record no. 15466)

MARC details
000 -LEADER
fixed length control field 01644nam a2200421 a 4500
082 04 - DEWEY DECIMAL CLASSIFICATION NUMBER
Classification number 523.01/97
100 1# - MAIN ENTRY--AUTHOR NAME
Personal name Perkins, Donald H.
245 10 - TITLE STATEMENT
Title Particle astrophysics
250 ## - EDITION STATEMENT
Edition statement 2nd ed.
260 ## - PUBLICATION, DISTRIBUTION, ETC. (IMPRINT)
Place of publication Oxford ;
-- New York :
Name of publisher Oxford University Press,
Year of publication 2009.
300 ## - PHYSICAL DESCRIPTION
Number of Pages xv, 339 p. :
Other physical details ill.
490 1# - SERIES STATEMENT
Series statement Oxford master series in physics ;
Series statement Oxford master series in physics. Particle physics, astrophysics, and cosmology
650 #0 - SUBJECT ADDED ENTRY--TOPICAL TERM
Topical Term Nuclear astrophysics.
Topical Term Particles (Nuclear physics)
856 40 - ELECTRONIC LOCATION AND ACCESS
Uniform Resource Identifier http://site.ebrary.com/lib/rucke/Doc?id=10288472

No items available.

© 2026 Rongo University
Contact us: librarian | system librarian | Rongo university